[Event "Maastricht Limburg op-B 7th"]
[Site "Maastricht"]
[Date "2013.05.20"]
[Round "6"]
[White "Taverniers, Peter"]
[Black "Garot, Damien"]
[Result "1/2-1/2"]
[WhiteElo "1718"]
[BlackElo "1588"]
[PlyCount "106"]
[EventDate "2013.05.17"]
[EventType "swiss"]
[EventRounds "7"]
[EventCountry "NED"]
[SourceTitle "EXT 2014"]
[Source "ChessBase"]
[SourceDate "2013.11.20"]
[SourceVersion "1"]
[SourceVersionDate "2013.11.20"]
[SourceQuality "1"]

1. c4 Nf6 2. Nc3 c5 3. g3 Nc6 4. Bg2 e5 5. d3 d6 6. Nf3 h6 7. 0-0 Be7 8. a3 0-0 9. Rb1 Rb8 10. Nd5 Nxd5 11. cxd5 Nd4 12. e4 Bg4 13. h3 Nxf3+ 14. Bxf3 Bxh3 15. Re1 f5 16. Kh2 fxe4 17. dxe4 Bd7 18. Kg2 Bg5 19. b4 Bxc1 20. Qxc1 cxb4 21. Rxb4 a5 22. Rb2 b5 23. Re3 b4 24. axb4 Rxb4 25. Rxb4 axb4 26. Rb3 Qb6 27. Qd2 Rb8 28. Be2 Ba4 29. Rb2 b3 30. Bd1 Qb4 31. Qxb4 Rxb4 32. Kf3 Kf7 33. Ke3 Ke7 34. f3 g5 35. g4 Kf6 36. Kd3 Rd4+ 37. Ke2 Bb5+ 38. Ke1 Ba4 39. Rb1 Rb4 40. Kd2 Kg6 41. Kc3 Rb8 42. Bxb3 Rxb3+ 43. Rxb3 Bxb3 44. Kxb3 h5 45. gxh5+ Kxh5 46. Kb4 g4 47. fxg4+ Kxg4 48. Kb5 Kf4 49. Kc6 Kxe4 50. Kxd6 Kf4 51. Kc7 e4 52. d6 e3 53. d7 e2 1/2-1/2

[Event "Luxembourg-chT 1213"]
[Site "Luxembourg"]
[Date "2013.03.10"]
[Round "6"]
[White "Garot, Damien"]
[Black "Fadil, Hicham"]
[Result "0-1"]
[WhiteElo "1601"]
[BlackElo "1939"]
[PlyCount "131"]
[EventDate "2012.10.??"]
[EventType "team-tourn"]
[EventRounds "10"]
[EventCountry "LUX"]
[SourceTitle "EXT 2017"]
[Source "ChessBase"]
[SourceDate "2016.10.25"]
[SourceVersion "1"]
[SourceVersionDate "2016.10.25"]
[SourceQuality "1"]

1. d4 c5 2. d5 e5 3. dxe6 fxe6 4. Nf3 Nf6 5. Bg5 Be7 6. e3 Nc6 7. Be2 0-0 8. 0-0 a6 9. c4 b6 10. Nc3 Bb7 11. a3 Qc7 12. Qc2 Rad8 13. Rad1 Ng4 14. Bf4 Rxf4 15. exf4 Qxf4 16. g3 Qh6 17. h4 Bf6 18. Ne4 Nce5 19. Nxf6+ Qxf6 20. Nxe5 Nxe5 21. f3 Nc6 22. Rf2 Nd4 23. Qd2 Qe5 24. Kg2 Rf8 25. Rdf1 Nf5 26. Qg5 h6 27. Qg6 Ne3+ 28. Kg1 Nxf1 29. Kxf1 Qxb2 30. Bd3 Qf6 31. Qh7+ Kf7 32. f4 Ke7 33. Re2 Kd8 34. Bc2 Bc6 35. Qd3 g5 36. hxg5 hxg5 37. Qd6 gxf4 38. g4 f3 39. Rd2 Kc8 40. Be4 e5 41. Bxc6 Qxd6 42. Rxd6 dxc6 43. Rxc6+ Kb7 44. Re6 b5 45. Rxe5 Kb6 46. Re6+ Ka5 47. g5 bxc4 48. Rf6 c3 49. Rxf8 c2 50. g6 c1Q+ 51. Kf2 Qd2+ 52. Kxf3 Qd3+ 53. Kf2 Qxg6 54. Rf3 Qc2+ 55. Ke1 c4 56. Re3 Ka4 57. Re2 Qxe2+ 58. Kxe2 Kb3 59. Kd1 Kb2 60. Kd2 c3+ 61. Kd3 c2 62. Kc4 c1Q+ 63. Kb4 a5+ 64. Ka4 Qc4+ 65. Kxa5 Kxa3 66. Kb6 0-1

[Event "Luxembourg-chT 1112"]
[Site "Luxembourg"]
[Date "2012.03.03"]
[Round "10"]
[White "Stull, Norbert"]
[Black "Garot, Damien"]
[Result "1-0"]
[WhiteElo "2051"]
[BlackElo "1584"]
[PlyCount "55"]
[EventDate "2011.10.??"]
[EventType "team-tourn"]
[EventRounds "10"]
[EventCountry "LUX"]
[SourceTitle "EXT 2017"]
[Source "ChessBase"]
[SourceDate "2016.10.25"]
[SourceVersion "1"]
[SourceVersionDate "2016.10.25"]
[SourceQuality "1"]

1. d4 d5 2. c4 Bg4 3. cxd5 Qxd5 4. Nc3 Qd8 5. f3 Bd7 6. e4 e6 7. Be3 a6 8. Bd3 Be7 9. Nge2 Bh4+ 10. g3 Be7 11. Qc2 Nc6 12. a3 g6 13. 0-0 Bf6 14. e5 Bg7 15. Ne4 f5 16. Nc5 Bc8 17. Bc4 Qe7 18. b4 b6 19. Nd3 Bb7 20. Qa2 Nd8 21. Nef4 Bh6 22. Rae1 Kd7 23. d5 exd5 24. Bxd5 Nc6 25. Be6+ Ke8 26. Bxg8 Nxe5 27. Nxe5 Rxg8 28. Qxg8+ 1-0